Wojskowi Marszałkowie Polski - Statystyki

Ogólne statystyki
  • Ten quiz został rozwiązany 102 razy
  • Średni wynik to 4 z 6
Statystyki odpowiedzi
Data nominacji: Osoba: % Poprawnych
19.03.1920 Józef Piłsudski
98%
10.11.1936 Edward Śmigły-Rydz
84%
05.11.1949 Konstanty Rokossowski
67%
13.04.1923 Ferdinand Foch
54%
07.10.1963 Marian Spychalski
51%
03.05.1945 Michał Rola-Żymierski
39%
Nie znaleziono quizów pasujących do podanych kryteriów
Rozkład punktacji
Procent ludzi z każdym wynikiem
Percentyl według liczby udzielonych odpowiedzi
Twoja historia wyników
Nie rozwiązałeś tego quizu